| 000 | 00346nam a2200133 4500 | ||
|---|---|---|---|
| 999 |
_c9476 _d9476 |
||
| 003 | OSt | ||
| 005 | 20210624170652.0 | ||
| 008 | 210624b ||||| |||| 00| 0 eng d | ||
| 020 | _a9780415840606 | ||
| 082 | _a624.177 | ||
| 245 | _aShell structures for architecture form finding and optimization | ||
| 260 |
_aLondon _bRoutledge _c2014 |
||
| 942 | _2ddc | ||